[Event "58h World U20 ch"]
[Site "New Delhi IND"]
[Date "2019.10.22"]
[Round "8.27"]
[White "Winkelman, Albert"]
[Black "Dobrovoljc, Vid"]
[Result "1-0"]
[WhiteElo "2143"]
[BlackElo "2389"]
[EventDate "2019.10.15"]
[PlyCount "137"]

1.e4 e5 2.Nf3 Nc6 3.Bb5 Nf6 4.d3 Bc5 5.c3 O-O 6.O-O d6 7.Nbd2 a6 8.Ba4 Ba7
9.h3 Ne7 10.d4 Ng6 11.Re1 c6 12.Nf1 exd4 13.cxd4 d5 14.e5 Ne4 15.Bc2 f6 
16.Ng3 Nxg3 17.fxg3 fxe5 18.Nxe5 Qf6 19.Bxg6 hxg6 20.Be3 Bf5 21.Qd2 Be4 
22.Nd7 Qd6 23.Nxf8 Rxf8 24.Rf1 Rxf1+ 25.Rxf1 Qxg3 26.Qf2 Bb8 27.Qxg3 Bxg3 
28.Bf4 Bh4 29.Rc1 Bf6 30.Be3 a5 31.Rc3 a4 32.b3 Bb1 33.a3 Ba2 34.bxa4 Bc4 
35.Rc1 Be7 36.Rb1 Ba6 37.Rb3 Kf7 38.Kf2 Ke6 39.Kf3 Kd7 40.Bf4 c5 41.dxc5 
Bxc5 42.Be5 b6 43.Bxg7 Ke6 44.g4 d4 45.Ke4 Bb7+ 46.Kd3 Kd5 47.Rb5 Bc6 48.
h4 Be8 49.Bh8 Bd7 50.Bf6 Be8 51.Bg7 Bd7 52.h5 gxh5 53.gxh5 Bf5+ 54.Kd2 Ke4
55.a5 Bd6 56.Rxf5 Kxf5 57.a6 Bb8 58.Kd3 Kg5 59.h6 Kg6 60.Kxd4 Ba7 61.Kc4 
Kh7 62.Kb5 Kg8 63.Kc6 b5 64.Kb7 Bc5 65.a7 Bxa7 66.Kxa7 Kf7 67.Kb6 Kg6 68.
Kxb5 Kf5 69.h7 1-0

[Event "58h World U20 ch"]
[Site "New Delhi IND"]
[Date "2019.10.22"]
[Round "8.29"]
[White "Amartuvshin, Ganzorig"]
[Black "Milikow, Yoav"]
[Result "0-1"]
[WhiteElo "2391"]
[BlackElo "2199"]
[EventDate "2019.10.15"]
[PlyCount "80"]

1.d4 Nf6 2.c4 g6 3.Nc3 d5 4.cxd5 Nxd5 5.e4 Nxc3 6.bxc3 Bg7 7.Nf3 c5 8.h3 
O-O 9.Be2 cxd4 10.cxd4 Nc6 11.Be3 f5 12.Bc4+ Kh8 13.O-O fxe4 14.Ng5 Nxd4 
15.Nf7+ Rxf7 16.Bxf7 Qd6 17.Qd2 Bd7 18.Rad1 e5 19.Rfe1 Bc6 20.Bb3 Qa3 21.
Qc3 Rd8 22.Rd2 Bf6 23.Rc1 a5 24.Qa1 a4 25.Bc4 Kg7 26.Rc3 Qd6 27.a3 Rd7 28.
Qc1 Bd8 29.Bh6+ Kh8 30.Ra2 g5 31.Bxg5 Nf3+ 32.gxf3 Bxg5 33.Qf1 Bd2 34.Rcc2
Bf4 35.Ra1 exf3 36.Kh1 Qh6 37.Rc3 e4 38.Ba2 Be5 39.Rxc6 bxc6 40.Rb1 Qf4 
0-1

[Event "58h World U20 ch"]
[Site "New Delhi IND"]
[Date "2019.10.22"]
[Round "8.30"]
[White "Raahul, Vijayakumar Sharmila"]
[Black "Vykouk, Jan"]
[Result "1-0"]
[WhiteElo "2262"]
[BlackElo "2468"]
[EventDate "2019.10.15"]
[PlyCount "79"]

1.c4 Nf6 2.Nc3 g6 3.e4 d6 4.d4 Bg7 5.f3 O-O 6.Be3 a6 7.Bd3 c6 8.c5 Nbd7 9.
cxd6 exd6 10.Nge2 c5 11.O-O b5 12.e5 Qe7 13.Ne4 dxe5 14.dxc5 Bb7 15.Qc1 
Bc6 16.N2c3 Ne8 17.b4 f5 18.Bg5 Qe6 19.Bc2 fxe4 20.Bb3 Qxb3 21.axb3 exf3 
22.gxf3 Nc7 23.Qd2 Rf5 24.Qd6 Rxg5+ 25.Kh1 e4 26.Qxc7 Ne5 27.fxe4 h6 28.
Rad1 Rh5 29.Nd5 Kh8 30.Rd2 Rh4 31.Nc3 Rh3 32.Rd8+ Rxd8 33.Qxd8+ Kh7 34.Nd5
g5 35.Qe7 Nf3 36.Kg2 g4 37.Nf6+ Kg6 38.Nxg4 Ng5 39.Qd6+ Kh5 40.Qxc6 1-0

[Event "58h World U20 ch"]
[Site "New Delhi IND"]
[Date "2019.10.22"]
[Round "8.31"]
[White "Muradli, Mahammad"]
[Black "Kukelko, Alexey"]
[Result "1-0"]
[WhiteElo "2459"]
[BlackElo "2342"]
[EventDate "2019.10.15"]
[PlyCount "59"]

1.Nf3 d5 2.c4 e6 3.e3 Nf6 4.b3 b6 5.Bb2 Bb7 6.Nc3 Nbd7 7.d4 Bd6 8.Bd3 O-O 
9.O-O a6 10.a4 c5 11.cxd5 exd5 12.Rc1 Re8 13.Re1 Qe7 14.Bf5 Rad8 15.g3 
cxd4 16.Nxd4 Ne5 17.Bh3 g6 18.Bg2 Ne4 19.Qc2 Bb4 20.Red1 Rc8 21.Nxd5 Bxd5 
22.Qxc8 Rxc8 23.Rxc8+ Kg7 24.f4 Kh6 25.fxe5 Qxe5 26.Rf1 Qe7 27.Rf4 f6 28.
Rh4+ Kg7 29.Bxe4 Bxe4 30.Rc7 1-0

[Event "58h World U20 ch"]
[Site "New Delhi IND"]
[Date "2019.10.22"]
[Round "8.32"]
[White "Wagh, Suyog"]
[Black "Tica, Sven"]
[Result "1/2-1/2"]
[WhiteElo "2229"]
[BlackElo "2418"]
[EventDate "2019.10.15"]
[PlyCount "76"]

1.c4 e6 2.Nc3 d5 3.d4 Be7 4.cxd5 exd5 5.Bf4 c6 6.e3 Nf6 7.Bd3 Nbd7 8.h3 
Nf8 9.Nf3 Ne6 10.Bh2 O-O 11.O-O g6 12.Rb1 a5 13.a3 Ng7 14.b4 axb4 15.axb4 
b5 16.Ne5 Qb6 17.Qb3 Nf5 18.Ra1 Be6 19.Ne2 Nd6 20.Nf4 Nc4 21.Nxe6 fxe6 22.
Qc2 Kg7 23.Rxa8 Rxa8 24.Bxg6 Nxe5 25.dxe5 hxg6 26.exf6+ Bxf6 27.Bd6 Ra3 
28.e4 Rc3 29.Qe2 Qd4 30.exd5 Qxd5 31.Bc5 Qc4 32.Qd2 Rd3 33.Qe2 Qd5 34.Re1 
Kf7 35.Qg4 Qf5 36.Qe2 Qd5 37.Qg4 Qf5 38.Qe2 Qd5 1/2-1/2

[Event "58h World U20 ch"]
[Site "New Delhi IND"]
[Date "2019.10.22"]
[Round "8.33"]
[White "Rajdeep, Sarkar"]
[Black "Jablonicky, Martin"]
[Result "1-0"]
[WhiteElo "2384"]
[BlackElo "2333"]
[EventDate "2019.10.15"]
[PlyCount "81"]

1.Nf3 Nf6 2.g3 g6 3.b3 Bg7 4.Bb2 O-O 5.Bg2 d6 6.d4 a5 7.O-O a4 8.b4 Nbd7 
9.c4 e5 10.dxe5 dxe5 11.a3 e4 12.Nd4 Ne5 13.Qc2 Qe7 14.c5 Be6 15.Nxe6 Qxe6
16.Bxe5 Qxe5 17.Nc3 Ng4 18.Nxe4 f5 19.Nd2 f4 20.Nf3 Qh5 21.h3 Ne5 22.Nxe5 
Bxe5 23.g4 Qg5 24.Rad1 Kh8 25.Bf3 Rad8 26.Rxd8 Rxd8 27.Kg2 c6 28.Qxa4 Qh4 
29.Qc2 Bd4 30.a4 Kg7 31.b5 h5 32.bxc6 bxc6 33.a5 hxg4 34.Bxg4 Rd5 35.Qe4 
Qf6 36.Rd1 Bxc5 37.Rxd5 cxd5 38.Qxd5 Qd4 39.Qxd4+ Bxd4 40.Kf3 g5 41.Ke4 
1-0

[Event "58h World U20 ch"]
[Site "New Delhi IND"]
[Date "2019.10.22"]
[Round "8.34"]
[White "Licheli, Luka"]
[Black "Muthaiah, A. L."]
[Result "0-1"]
[WhiteElo "2010"]
[BlackElo "2370"]
[EventDate "2019.10.15"]
[PlyCount "54"]

1.e4 c5 2.b3 g6 3.Bb2 Nf6 4.Nc3 Bg7 5.Nd5 O-O 6.Nxf6+ exf6 7.Be2 Re8 8.d3 
d5 9.Nf3 dxe4 10.dxe4 Qc7 11.Nd2 f5 12.Bxg7 Kxg7 13.f3 Nc6 14.O-O Be6 15.
c3 Rad8 16.Qc2 Qf4 17.Rad1 Qe3+ 18.Rf2 fxe4 19.Nxe4 Bf5 20.Bd3 Ne5 21.Bb5 
Bxe4 22.fxe4 Ng4 23.Bxe8 Rxd1+ 24.Qxd1 Qxf2+ 25.Kh1 Qh4 26.Kg1 Qxh2+ 27.
Kf1 Ne3+ 0-1

[Event "58h World U20 ch"]
[Site "New Delhi IND"]
[Date "2019.10.22"]
[Round "8.35"]
[White "Papadiamandis, Elliot"]
[Black "Miciano, John Marvin"]
[Result "0-1"]
[WhiteElo "2190"]
[BlackElo "2345"]
[EventDate "2019.10.15"]
[PlyCount "70"]

1.e4 c6 2.d4 d5 3.Nc3 dxe4 4.Nxe4 Bf5 5.Ng3 Bg6 6.h4 h6 7.Nf3 e6 8.h5 Bh7 
9.Bd3 Bxd3 10.Qxd3 Nf6 11.Bd2 Be7 12.O-O-O O-O 13.Qe2 b5 14.Nf1 Nbd7 15.g4
Nh7 16.Kb1 Nb6 17.Ne5 Rc8 18.Bc1 Nd5 19.f4 a5 20.Rg1 a4 21.g5 hxg5 22.fxg5
Bxg5 23.Qg4 f5 24.Bxg5 fxg4 25.Bxd8 Rfxd8 26.Nxg4 c5 27.Nd2 cxd4 28.Nf3 
Ne3 29.Nxe3 dxe3 30.Rde1 Rd5 31.Rxe3 Rxh5 32.Rxe6 Rf8 33.Ne1 Rhf5 34.Reg6 
R8f7 35.a3 Rd7 0-1

[Event "58h World U20 ch"]
[Site "New Delhi IND"]
[Date "2019.10.22"]
[Round "8.36"]
[White "Rakesh Kumar, Jena"]
[Black "Tifferet, Shaked"]
[Result "0-1"]
[WhiteElo "2355"]
[BlackElo "2224"]
[EventDate "2019.10.15"]
[PlyCount "118"]

1.d4 Nf6 2.Nf3 d5 3.Bf4 c5 4.e3 Nc6 5.Nbd2 e6 6.c3 cxd4 7.exd4 Nh5 8.Be3 
Bd6 9.Ne5 g6 10.f4 f6 11.Nd3 Ng7 12.Be2 b6 13.O-O O-O 14.Nf3 a5 15.a4 Qc7 
16.Qd2 Ba6 17.g3 Nf5 18.Bf2 Be7 19.Nc1 Bb7 20.Bd3 Nd6 21.Qe2 Nd8 22.Nb3 
Bc6 23.Nbd2 Qd7 24.h4 Qe8 25.b3 Bd7 26.Kg2 h5 27.c4 Nc6 28.c5 Nf5 29.Bb5 
Bd8 30.Rfe1 Kf7 31.Rac1 Bc7 32.cxb6 Bxb6 33.Bxc6 Bxc6 34.Qxe6+ Qxe6 35.
Rxe6 Kxe6 36.Rxc6+ Kd7 37.Rxb6 Nd6 38.Ne5+ fxe5 39.dxe5 Nf5 40.Nf3 Rac8 
41.Nd4 Nxd4 42.Rd6+ Ke7 43.Bxd4 Rc2+ 44.Kh3 Rfc8 45.Rxg6 Rd2 46.Rh6 Rxd4 
47.f5 Rf8 48.Rh7+ Rf7 49.Rxh5 Re4 50.e6 Rf8 51.Rh7+ Kf6 52.g4 Re3+ 53.Kg2 
Rxb3 54.Rh6+ Ke7 55.Rh7+ Kd6 56.Rd7+ Ke5 57.Rc7 Rfb8 58.h5 Rb2+ 59.Kg1 Kf4
0-1

[Event "58h World U20 ch"]
[Site "New Delhi IND"]
[Date "2019.10.22"]
[Round "8.38"]
[White "Flores Quillas, Diego Saul Rodrigo"]
[Black "Sterck, Arno"]
[Result "0-1"]
[WhiteElo "2164"]
[BlackElo "2331"]
[EventDate "2019.10.15"]
[PlyCount "96"]

1.e4 c5 2.Nf3 e6 3.d4 cxd4 4.Nxd4 Nc6 5.Nc3 Qc7 6.g3 a6 7.Bg2 Nf6 8.O-O 
Nxd4 9.Qxd4 Bc5 10.Bf4 d6 11.Qd2 h6 12.Rad1 e5 13.Be3 Bb4 14.a3 Bxc3 15.
Qxc3 Qxc3 16.bxc3 Be6 17.Rxd6 Rc8 18.Rb1 Rxc3 19.Rxb7 O-O 20.Ra7 Rxc2 21.
h3 Rb8 22.Raxa6 Rb1+ 23.Kh2 Rb3 24.Ra5 Nd7 25.Ra8+ Kh7 26.a4 Ra2 27.a5 Nf6
28.a6 Bc4 29.Bc5 Ra5 30.a7 Rxc5 31.Rh8+ Kxh8 32.a8=Q+ Kh7 33.Rd8 Be6 34.
Rh8+ Kg6 35.Qa1 Rc2 36.Qxe5 Rxf2 37.Kg1 Rbb2 38.Bf1 Rbd2 39.Rb8 Nd7 40.Qc7
Nxb8 41.Qxb8 Rf3 42.Qb1 Rxg3+ 43.Kh1 Rg5 44.Qe1 Ra2 45.h4 Rga5 46.e5 Kh7 
47.Bd3+ g6 48.Qc3 R5a3 0-1

[Event "58h World U20 ch"]
[Site "New Delhi IND"]
[Date "2019.10.22"]
[Round "8.40"]
[White "Donoso Diaz, Sebastian"]
[Black "Aravena Navarro, Alexis Andres"]
[Result "1-0"]
[WhiteElo "2203"]
[BlackElo "2023"]
[EventDate "2019.10.15"]
[PlyCount "71"]

1.c4 Nf6 2.Nc3 g6 3.d4 Bg7 4.e4 d6 5.h3 O-O 6.Be3 Nbd7 7.Nf3 e5 8.d5 Nc5 
9.Nd2 a5 10.g4 Nfd7 11.h4 f5 12.gxf5 gxf5 13.exf5 Nf6 14.h5 Bxf5 15.h6 Bh8
16.Rg1+ Kf7 17.Bxc5 dxc5 18.Nf3 Ng4 19.Qd2 Rg8 20.O-O-O e4 21.Qf4 Bxc3 22.
Rxg4 Bxb2+ 23.Kxb2 Qf6+ 24.Ne5+ Ke7 25.Rg7+ Rxg7 26.hxg7 Kd6 27.Bh3 Qxg7 
28.Qxf5 Qxe5+ 29.Qxe5+ Kxe5 30.d6 cxd6 31.Rd5+ Kf6 32.Rxd6+ Kg5 33.Rd5+ 
Kh4 34.Bf5 b6 35.Bxe4 Re8 36.Bf3 1-0

[Event "58h World U20 ch"]
[Site "New Delhi IND"]
[Date "2019.10.22"]
[Round "8.41"]
[White "Lama, Milan"]
[Black "Cansun, Can Alp"]
[Result "0-1"]
[WhiteElo "1976"]
[BlackElo "2199"]
[EventDate "2019.10.15"]
[PlyCount "90"]

1.e4 c5 2.c3 Nf6 3.e5 Nd5 4.d4 cxd4 5.Nf3 e6 6.cxd4 d6 7.exd6 Bxd6 8.Nc3 
Nxc3 9.bxc3 Qc7 10.Bd2 Nd7 11.Bd3 b6 12.O-O Bb7 13.h3 O-O 14.Re1 Rac8 15.
Ne5 Nxe5 16.dxe5 Bc5 17.Bg5 f6 18.Bh4 f5 19.Bf1 h6 20.Qh5 Qf7 21.Qxf7+ 
Rxf7 22.Rad1 f4 23.Bb5 g5 24.Bd7 Rxd7 25.Rxd7 Bc6 26.Rxa7 gxh4 27.Rd1 Bd5 
28.c4 b5 29.cxd5 Bxa7 30.dxe6 Kf8 31.Kf1 Ke8 32.Rd7 Rc1+ 33.Ke2 Rc2+ 34.
Kd3 Rxa2 35.Ke4 Bc5 36.Kf5 Ra7 37.Rd5 Rc7 38.Rd1 Ke7 39.Rb1 b4 40.Kxf4 Rb7
41.Ke4 b3 42.Kd5 Bxf2 43.Rb2 Ba7 44.Rb1 Bd4 45.Ke4 Bc5 0-1

[Event "58h World U20 ch"]
[Site "New Delhi IND"]
[Date "2019.10.22"]
[Round "8.42"]
[White "Li, William"]
[Black "De Silva, Lasal M. S. T."]
[Result "1-0"]
[WhiteElo "2161"]
[BlackElo "1879"]
[EventDate "2019.10.15"]
[PlyCount "169"]

1.e4 e5 2.Nf3 Nc6 3.Bb5 a6 4.Ba4 Nf6 5.O-O Be7 6.Re1 b5 7.Bb3 d6 8.c3 O-O 
9.h3 Na5 10.Bc2 c5 11.d4 Nd7 12.d5 Nb6 13.b3 f5 14.exf5 Bxf5 15.Bxf5 Rxf5 
16.c4 e4 17.Rxe4 Bf6 18.Bd2 b4 19.Na3 Bxa1 20.Qxa1 Qf6 21.Qe1 Rf8 22.Nc2 
Qb2 23.Ne3 R5f7 24.Ng4 h5 25.Ng5 hxg4 26.Nxf7 Rxf7 27.Re8+ Kh7 28.Qe4+ g6 
29.Qe3 Qg7 30.hxg4 Rf8 31.Re6 Rf6 32.Qh3+ Kg8 33.Bh6 Qf7 34.Qe3 Rxe6 35.
dxe6 Qe8 36.Qf4 Qe7 37.Qe4 Kh7 38.Bg5 Qe8 39.Bf6 Kg8 40.Qe3 Nd7 41.exd7 
Qxd7 42.Qh6 Qh7 43.Qf4 Qd7 44.Qe4 Kf7 45.g5 Qe6 46.Qh4 Qe8 47.Qh7+ Ke6 48.
f4 Nc6 49.g4 d5 50.Qh1 dxc4 51.bxc4 Kd6 52.Qd5+ Kc7 53.Kf2 Kb6 54.f5 a5 
55.Qd3 Qb8 56.fxg6 Qh2+ 57.Ke1 Qg1+ 58.Kd2 Qf2+ 59.Kd1 Qg1+ 60.Kc2 Qg2+ 
61.Kc1 Qg1+ 62.Kb2 a4 63.g7 Qf2+ 64.Kc1 Qe1+ 65.Qd1 Qe3+ 66.Qd2 Qe6 67.Kd1
Qxg4+ 68.Qe2 Qd7+ 69.Ke1 Qf7 70.Qd3 Qe6+ 71.Kf2 Qf7 72.Qd5 Qh5 73.Bd8+ 
Nxd8 74.Qxd8+ Ka6 75.Qd6+ Kb7 76.Qd7+ Kb6 77.Qb5+ Kc7 78.Qxc5+ Kd7 79.Qf5+
Ke7 80.g8=Q Qh4+ 81.Ke3 Qe1+ 82.Kd4 Qg1+ 83.Kd5 Qd1+ 84.Kc6 Qh1+ 85.Qgd5 
1-0

[Event "58h World U20 ch"]
[Site "New Delhi IND"]
[Date "2019.10.23"]
[Round "9.1"]
[White "Shtembuliak, Evgeny"]
[Black "Costachi, Mihnea"]
[Result "1-0"]
[WhiteElo "2577"]
[BlackElo "2463"]
[EventDate "2019.10.15"]
[PlyCount "69"]

1.c4 Nf6 2.Nc3 e5 3.Nf3 Nc6 4.e3 Bb4 5.Qc2 Bxc3 6.bxc3 O-O 7.d3 d6 8.Be2 
Qe7 9.e4 Nh5 10.g3 f5 11.exf5 Bxf5 12.Nh4 Qf7 13.Nxf5 Qxf5 14.Be3 Nf6 15.
O-O Ng4 16.Rab1 b6 17.Qd1 h5 18.Bd2 Ne7 19.f4 Qg6 20.Bf3 Qxd3 21.Bxa8 Rxa8
22.fxe5 Nxe5 23.c5 bxc5 24.Bf4 Nd5 25.Bxe5 Qe3+ 26.Kh1 Qxe5 27.Qf3 c6 28.
Qf7+ Kh7 29.Rbe1 Qxc3 30.Qxh5+ Kg8 31.Qf7+ Kh8 32.Re4 Nf6 33.Rh4+ Nh7 34.
Qf8+ Rxf8 35.Rxf8# 1-0

[Event "58h World U20 ch"]
[Site "New Delhi IND"]
[Date "2019.10.23"]
[Round "9.2"]
[White "Karthikeyan, Murali"]
[Black "Santos Ruiz, Miguel"]
[Result "1/2-1/2"]
[WhiteElo "2617"]
[BlackElo "2560"]
[EventDate "2019.10.15"]
[PlyCount "95"]

1.e4 e5 2.Nf3 Nc6 3.Bb5 a6 4.Ba4 Nf6 5.d3 d6 6.c3 g6 7.O-O Bg7 8.Nbd2 O-O 
9.Re1 Re8 10.h3 b5 11.Bc2 Bb7 12.a4 Nb8 13.b4 c5 14.Rb1 Nbd7 15.c4 bxc4 
16.Nxc4 Qc7 17.bxc5 Nxc5 18.Ba3 Rab8 19.Qd2 Nfd7 20.Qa5 Qxa5 21.Nxa5 Ba8 
22.Nd2 d5 23.exd5 Bxd5 24.Ne4 Rxb1 25.Rxb1 Bf8 26.Bxc5 Bxc5 27.Nxc5 Nxc5 
28.Rb6 Rc8 29.Rd6 Ba2 30.Nc6 Re8 31.Nb4 Be6 32.a5 Kf8 33.f4 Rb8 34.Nxa6 
Rb5 35.Nxc5 Rxc5 36.a6 Ke7 37.a7 Ra5 38.fxe5 Rxa7 39.d4 f6 40.d5 Bg8 41.
Bb3 Rb7 42.Bc4 fxe5 43.Ra6 Kd7 44.Kf2 Rb4 45.Rc6 Bxd5 46.Bxd5 Rd4 47.Bf3 
e4 48.Bxe4 1/2-1/2

[Event "58h World U20 ch"]
[Site "New Delhi IND"]
[Date "2019.10.23"]
[Round "9.3"]
[White "Bronstein, Or"]
[Black "Hakobian, Aram"]
[Result "1/2-1/2"]
[WhiteElo "2413"]
[BlackElo "2561"]
[EventDate "2019.10.15"]
[PlyCount "64"]

1.d4 Nf6 2.c4 e6 3.Nf3 b6 4.g3 Ba6 5.Qb3 Nc6 6.Nbd2 Na5 7.Qc3 c5 8.dxc5 
bxc5 9.e4 Bb7 10.e5 Ne4 11.Nxe4 Bxe4 12.Bg2 Rb8 13.O-O Be7 14.Re1 f5 15.b3
Nc6 16.Bb2 O-O 17.Qd2 Rb7 18.Re2 a5 19.Ne1 Bxg2 20.Nxg2 a4 21.Re3 Qb8 22.
Qd1 Rc8 23.Ne1 Nd4 24.Rb1 axb3 25.Bxd4 cxd4 26.Rexb3 Rxb3 27.axb3 Qxe5 28.
Nf3 Qe4 29.Nxd4 Bc5 30.Nf3 Ra8 31.b4 Be7 32.c5 g5 1/2-1/2

[Event "58h World U20 ch"]
[Site "New Delhi IND"]
[Date "2019.10.23"]
[Round "9.4"]
[White "Aravindh, Chithambaram"]
[Black "Kollars, Dmitrij"]
[Result "1-0"]
[WhiteElo "2609"]
[BlackElo "2587"]
[EventDate "2019.10.15"]
[PlyCount "91"]

1.e4 e5 2.Nf3 Nc6 3.Bb5 a6 4.Ba4 Nf6 5.O-O Be7 6.Re1 b5 7.Bb3 d6 8.c3 O-O 
9.h3 Bb7 10.d4 Re8 11.Nbd2 Bf8 12.a3 h6 13.Ba2 Nb8 14.Qb3 Qd7 15.Qc2 c5 
16.b3 cxd4 17.cxd4 exd4 18.Bb2 Nc6 19.Rad1 b4 20.a4 Rac8 21.Qb1 Qe6 22.Qa1
Nh5 23.Bb1 Nf4 24.Kh2 Ne5 25.Bxd4 Qg6 26.Nh4 Qh5 27.Bxe5 Qxe5 28.Qxe5 dxe5
29.Nc4 Bc5 30.Nf5 Rc7 31.Nfd6 Bxd6 32.Rxd6 Bc8 33.Rb6 Be6 34.Nxe5 Rc3 35.
Re3 Rc1 36.Bd3 Bxb3 37.Bxa6 Bxa4 38.Rxb4 Rxe5 39.Rxa4 Rc2 40.Rf3 Ne6 41.
Bc4 Ng5 42.Bxf7+ Nxf7 43.Ra8+ Kh7 44.Rxf7 Rxe4 45.Raa7 Kh8 46.f3 1-0

[Event "58h World U20 ch"]
[Site "New Delhi IND"]
[Date "2019.10.23"]
[Round "9.5"]
[White "Drygalov, Sergei"]
[Black "Sargsian, Shant"]
[Result "0-1"]
[WhiteElo "2470"]
[BlackElo "2580"]
[EventDate "2019.10.15"]
[PlyCount "144"]

1.d4 Nf6 2.c4 g6 3.Nc3 Bg7 4.e4 d6 5.Nf3 O-O 6.Be2 Nbd7 7.O-O e5 8.Be3 Ng4
9.Bg5 f6 10.Bc1 Nh6 11.Rb1 Nf7 12.b4 c6 13.dxe5 dxe5 14.c5 Qe7 15.Qb3 Re8 
16.Be3 Nf8 17.b5 Be6 18.Qa4 Rec8 19.bxc6 bxc6 20.Ne1 f5 21.f3 f4 22.Bf2 g5
23.Nd3 h5 24.Nb4 Qe8 25.Na6 Qe7 26.Bc4 g4 27.fxg4 Bxc4 28.Qxc4 hxg4 29.
Rfd1 Ne6 30.Rd6 Nxd6 31.cxd6 Qf7 32.Bh4 Bf8 33.Rd1 Nd4 34.Qxf7+ Kxf7 35.d7
Rd8 36.Bxd8 Rxd8 37.Rb1 Rxd7 38.Nb8 Re7 39.Na6 Rd7 40.Nb8 Rd8 41.Rb7+ Ke6 
42.Na6 Rd7 43.Rb8 Kf7 44.a4 Bd6 45.Rb2 Ne6 46.Kf1 Nc5 47.Nb4 Rb7 48.Nd3 
Rxb2 49.Nxb2 Bc7 50.Nc4 Kf6 51.h3 gxh3 52.gxh3 Ne6 53.Na2 Nc5 54.Nb4 Nxe4 
55.Nxc6 Nc5 56.Nxa7 Nxa4 57.Nb5 Bb8 58.Nd2 Nc5 59.Nc3 Kf5 60.Ke2 e4 61.h4 
Be5 62.Nd5 Kg4 63.h5 Bg7 64.Nc4 Bh6 65.Ne5+ Kxh5 66.Nf6+ Kg5 67.Nf7+ Kxf6 
68.Nxh6 Ke5 69.Ng4+ Kd4 70.Nh2 Nd3 71.Kd2 e3+ 72.Ke2 Ke4 0-1

[Event "58h World U20 ch"]
[Site "New Delhi IND"]
[Date "2019.10.23"]
[Round "9.6"]
[White "Nigmatov, Ortik"]
[Black "Wang Shixu"]
[Result "0-1"]
[WhiteElo "2494"]
[BlackElo "2370"]
[EventDate "2019.10.15"]
[PlyCount "92"]

1.d4 Nf6 2.Nf3 d5 3.c4 e6 4.g3 Bb4+ 5.Bd2 a5 6.Bg2 dxc4 7.O-O O-O 8.Qc2 
Bxd2 9.Nbxd2 b5 10.a4 c6 11.b3 cxb3 12.Nxb3 Ba6 13.Nc5 bxa4 14.Rfd1 Bb5 
15.Ne5 Na6 16.Nxc6 Qc7 17.Ne5 Rac8 18.Qb2 Nxc5 19.Qxb5 Nce4 20.Qd3 Qc2 21.
Bxe4 Nxe4 22.Kf1 f6 23.Nd7 Rfd8 24.Nb6 Rc3 25.Qxc2 Rxc2 26.Nxa4 Nd2+ 27.
Kg2 Rxd4 28.Ra3 e5 29.e3 Rb4 30.Rc3 Rxc3 31.Nxc3 Rb2 32.Ra1 Rc2 33.Nd5 Ne4
34.Rxa5 Rxf2+ 35.Kg1 Rd2 36.Nb4 Rb2 37.Nd3 Re2 38.Ra8+ Kf7 39.Ra3 h5 40.
Nb4 Ke6 41.Ra7 g5 42.Ra6+ Kf5 43.Nd5 Rd2 44.g4+ Kxg4 45.Nxf6+ Kf3 46.Ra1 
Rg2+ 0-1

[Event "58h World U20 ch"]
[Site "New Delhi IND"]
[Date "2019.10.23"]
[Round "9.7"]
[White "Praggnanandhaa, Rameshbabu"]
[Black "Arjun, Kalyan"]
[Result "1/2-1/2"]
[WhiteElo "2567"]
[BlackElo "2483"]
[EventDate "2019.10.15"]
[PlyCount "196"]

1.Nf3 d5 2.g3 Bg4 3.Bg2 c6 4.c4 e6 5.cxd5 Bxf3 6.Bxf3 cxd5 7.O-O Nc6 8.d4 
Nf6 9.Nc3 Be7 10.e3 O-O 11.Bd2 Rc8 12.Qe2 Na5 13.Rfd1 Nc4 14.Be1 Nd6 15.
Rac1 Qd7 16.Bg2 Nfe4 17.Nb1 f5 18.f3 Nf6 19.Nc3 Rc6 20.b3 Rfc8 21.Qb2 R8c7
22.Ne2 Qc8 23.Rxc6 Rxc6 24.Rc1 Nd7 25.Rxc6 Qxc6 26.Nf4 Kf7 27.Nd3 g6 28.
Bf1 Bg5 29.Bd2 Be7 30.a4 Bd8 31.Be1 Bg5 32.Bd2 Bd8 33.h3 a6 34.Kg2 Qc7 35.
Qc3 Qxc3 36.Bxc3 a5 37.g4 b6 38.Be1 Bg5 39.Bg3 Ke7 40.Kf2 Bf6 41.Nf4 Bg5 
42.Bd3 Nb8 43.h4 Bxf4 44.Bxf4 fxg4 45.fxg4 Nc6 46.Kf3 e5 47.dxe5 Nf7 48.
Kg3 Ncxe5 49.Bc2 h6 50.g5 hxg5 51.hxg5 Kd7 52.Kf2 Kc6 53.Kg3 Kc5 54.Kf2 
Kb4 55.Ke2 Kc5 56.Kd1 b5 57.axb5 Kxb5 58.Kc1 Kc5 59.Kb2 Kb4 60.Bg3 Nc6 61.
Bh4 Nce5 62.Be1+ Kb5 63.Bg3 Nf3 64.Bxg6 N7xg5 65.Bd3+ Kb6 66.Be2 Nd2 67.
Bd6 Nde4 68.Be7 Ne6 69.Bg4 Nc7 70.Bf3 Nc5 71.Bd8 Ne6 72.Bf6 Kb5 73.Be5 Kc5
74.Bh5 Nb5 75.Bg4 Nbc7 76.Bh3 Kc6 77.Bf5 Kc5 78.Bg4 Kc6 79.Bh3 Kc5 80.Bf5 
Kc6 81.Bg4 Kc5 82.Ka3 d4 83.e4 Kb6 84.Kb2 Kc6 85.Bf5 Kb5 86.Ka3 Kb6 87.Kb2
Kb5 88.Ka3 Kb6 89.Bf6 Nb5+ 90.Kb2 Nc5 91.e5 Nc7 92.Bd8 Kc6 93.Kc2 N7e6 94.
Bxa5 Kd5 95.b4 Nd7 96.b5 Nxe5 97.b6 Nc5 98.Bh3 Nc4 1/2-1/2

[Event "58h World U20 ch"]
[Site "New Delhi IND"]
[Date "2019.10.23"]
[Round "9.8"]
[White "Murzin, Volodar"]
[Black "Gazik, Viktor"]
[Result "1-0"]
[WhiteElo "2433"]
[BlackElo "2546"]
[EventDate "2019.10.15"]
[PlyCount "111"]

1.e4 d5 2.exd5 Qxd5 3.Nc3 Qa5 4.d4 Nf6 5.Bd2 Qb6 6.Nf3 Bg4 7.h3 Bh5 8.g4 
Bg6 9.Qe2 e6 10.Bg2 c6 11.O-O Nbd7 12.g5 Nd5 13.Nxd5 cxd5 14.c4 dxc4 15.
Qxc4 Bd6 16.d5 e5 17.Be3 Qxb2 18.Nh4 Qa3 19.Nxg6 hxg6 20.Rfb1 b6 21.Qb5 
Ke7 22.Rb3 Qa5 23.Qxa5 bxa5 24.Rb7 Rh4 25.Bf1 a6 26.Rab1 Rb4 27.R1xb4 axb4
28.h4 Ke8 29.Bh3 Nf8 30.Bg4 a5 31.Bd2 Rb8 32.Ra7 Rb5 33.Bd1 Rxd5 34.Ba4+ 
Kd8 35.Be3 Ne6 36.Rd7+ Kc8 37.Rxf7 Nd4 38.Rxg7 Nf3+ 39.Kf1 e4 40.Rxg6 Nxh4
41.Rg8+ Kb7 42.Bc2 Kc7 43.Bxe4 Rd1+ 44.Ke2 Ra1 45.Rg7+ Kd8 46.Rh7 Rxa2+ 
47.Kd3 b3 48.Rxh4 b2 49.Rh1 Be5 50.f4 Ra3+ 51.Kd2 Bc3+ 52.Kc2 a4 53.Bc5 
Ra1 54.Kxc3 Rxh1 55.Kxb2 Rh4 56.Bd6 1-0

[Event "58h World U20 ch"]
[Site "New Delhi IND"]
[Date "2019.10.23"]
[Round "9.9"]
[White "Raghunandan, Kaumandur Srihari"]
[Black "Visakh, Narayanan Rajeswari"]
[Result "1-0"]
[WhiteElo "2449"]
[BlackElo "2529"]
[EventDate "2019.10.15"]
[PlyCount "57"]

1.e4 e5 2.Bc4 Nf6 3.d3 Nc6 4.Nf3 Be7 5.O-O O-O 6.Re1 d6 7.a3 Kh8 8.h3 Nd7 
9.Nc3 Nb6 10.Ba2 f5 11.Nd5 fxe4 12.dxe4 Nxd5 13.exd5 Nb8 14.c4 Bf5 15.Be3 
Nd7 16.Bb1 Bxb1 17.Rxb1 c6 18.c5 dxc5 19.dxc6 bxc6 20.Qd3 Qc7 21.Rbd1 Rad8
22.Qe4 Rfe8 23.Qf5 Rf8 24.Qe6 Rfe8 25.Qf7 h6 26.Bxh6 Bf6 27.Ng5 Qc8 28.
Bxg7+ Bxg7 29.Re4 1-0

[Event "58h World U20 ch"]
[Site "New Delhi IND"]
[Date "2019.10.23"]
[Round "9.10"]
[White "Mendonca, Leon Luke"]
[Black "Iniyan, Panneerselvam"]
[Result "1/2-1/2"]
[WhiteElo "2388"]
[BlackElo "2509"]
[EventDate "2019.10.15"]
[PlyCount "83"]

1.d4 Nf6 2.c4 c5 3.Nf3 cxd4 4.Nxd4 e5 5.Nb5 d5 6.cxd5 Bc5 7.N5c3 O-O 8.e3 
e4 9.Be2 Re8 10.Nd2 a6 11.a4 Bf5 12.Nc4 Nbd7 13.g4 Bg6 14.g5 b5 15.axb5 
axb5 16.Rxa8 Qxa8 17.Nxb5 Nxd5 18.h4 Qc6 19.h5 Bf5 20.Kf1 Ne5 21.Nd4 Bxd4 
22.Qxd4 Nf3 23.Bxf3 exf3 24.h6 f6 25.Rh4 Qd7 26.e4 Nb4 27.Nd6 Nc6 28.Qd2 
fxg5 29.Qxg5 Bxe4 30.Bd2 Re5 31.Qxg7+ Qxg7 32.hxg7 Bd3+ 33.Kg1 Re6 34.Bf4 
Nd4 35.Kh2 Ne2 36.Nc8 Ba6 37.Na7 Rg6 38.Be3 Rg2+ 39.Kh1 Rg1+ 40.Kh2 Rg2+ 
41.Kh1 Bb7 42.Nb5 1/2-1/2

[Event "58h World U20 ch"]
[Site "New Delhi IND"]
[Date "2019.10.23"]
[Round "9.11"]
[White "Khanin, Semen"]
[Black "Janik, Igor"]
[Result "0-1"]
[WhiteElo "2507"]
[BlackElo "2467"]
[EventDate "2019.10.15"]
[PlyCount "84"]

1.e4 e5 2.Nf3 Nc6 3.Bc4 Nf6 4.d3 Bc5 5.O-O O-O 6.c3 d6 7.Bg5 h6 8.Bh4 g5 
9.Bg3 Bg4 10.Nbd2 a5 11.h3 Bh5 12.Re1 Qb8 13.a4 Qa7 14.Nb3 Bb6 15.d4 Rae8 
16.Qd3 Bg6 17.dxe5 Nh5 18.Nfd4 Nxe5 19.Qf1 Nxg3 20.fxg3 Nxc4 21.Qxc4 Bxe4 
22.Kh2 d5 23.Qe2 Kg7 24.Qh5 Bg6 25.Qf3 c6 26.Rxe8 Rxe8 27.Nf5+ Kh7 28.h4 
Re5 29.Nbd4 Qb8 30.h5 Bxf5 31.Nxf5 Re4 32.Rf1 g4 33.Qd1 Qd8 34.Qc1 Re6 35.
Nh4 Bc7 36.Rxf7+ Kg8 37.Rf4 Re4 38.Rxe4 Qxh4+ 39.Kg1 Bxg3 40.Re8+ Kf7 41.
Qe3 Qh2+ 42.Kf1 Qh1+ 0-1

[Event "58h World U20 ch"]
[Site "New Delhi IND"]
[Date "2019.10.23"]
[Round "9.12"]
[White "Pogosian, Stefan"]
[Black "Kuybokarov, Temur"]
[Result "0-1"]
[WhiteElo "2364"]
[BlackElo "2501"]
[EventDate "2019.10.15"]
[PlyCount "86"]

1.c4 e5 2.Nc3 Nc6 3.g3 Bc5 4.Bg2 a6 5.e3 Ba7 6.Nge2 d6 7.d4 h5 8.h4 Bg4 9.
d5 Nce7 10.e4 Bd7 11.Qd3 Nf6 12.Be3 Qb8 13.O-O Ng4 14.Bxa7 Qxa7 15.Nd1 O-O
16.Ne3 b5 17.Nxg4 hxg4 18.Rac1 b4 19.c5 Bb5 20.Qe3 f5 21.Qg5 Rf6 22.Rfe1 
Raf8 23.exf5 Nxf5 24.Qxg4 dxc5 25.b3 Bd3 26.Qg5 Nh6 27.Qe3 Rxf2 28.d6 Bxe2
29.dxc7 Bg4 30.Bd5+ Kh8 31.Qxc5 Qxc5 32.Rxc5 Bc8 33.Rd1 Ng4 34.Bc4 Ne3 35.
Rd8 Nxc4 36.Rxc4 Kg8 37.Rxb4 Rc2 38.Re4 Rc1+ 39.Kh2 Bb7 40.Rxf8+ Kxf8 41.
c8=Q+ Rxc8 42.Rxe5 Rc2+ 43.Kh3 Rxa2 0-1